000 00990nam a2200289 a 4500
001 2122758
003 OSt
005 20160229152804.0
008 970213s1995 tz b 001 0 eng
010 _a 96980089
020 _a9976602790
020 _z9676602782 (cover)
040 _aDLC
_cDLC
042 _alcode
043 _af-tz---
050 0 0 _aZ7964.T34
_bM85 1995
082 0 0 _a305
_221
_bMUK 1995
100 1 _aMukangara, Fenella.
_96885
245 1 0 _aWomen and gender studies in Tanzania :
_ban annotated bibliography (1982-1994) /
_cFenella Mukangara.
260 _aDar es Salaam :
_bDar es Salaam University Press,
_c1995.
300 _axxiii, 245 p. ;
_c21 cm.
504 _aIncludes bibliographical references (p. xxii-xxiii) and indexes.
650 0 _aWomen
_zTanzania
_xBibliography.
_96886
906 _a7
_bcbc
_corigode
_d2
_encip
_f19
_gy-gencatlg
942 _2ddc
_cSLOAN
999 _c3102
_d3102